000
00330nam a22001457a 4500
020
_a
966281193
082
_a
657.45
100
_a
Saleemi N.A.
245
_a
Auditing concepts and procedures
260
_a
Nairobi,Kenya
_b
N.A. Saleemi
_c
1999
300
_a
599p,20cm
500
_a
Quns&Ans
700
_a
Peter Ngigi
942
_c
BK
999
_c
17758
_d
17758